Top 10 des cyclistes en 2024 - Statistiques

Statistiques générales
  • Ce quiz a été pris 72 fois
  • Le résultat moyen est 6 sur 10
Statistiques - réponses
Classement Team Points UCI Nom % Correct
1 UAE Team Emirates 11655 Tadej Pogacar
100%
2 Soudal - Quick Step 6062.57 Remco Evenepoel
88%
5 Alpecin-Deceuninck 4053 Mathieu Van der Poel
78%
7 Visma Lease a Bike 3536 Jonas Vingegaard
77%
8 RedBull - Bora-Hansgrohe 3471 Primoz Roglic
70%
4 Decathlon AG2R La Mondiale 4096 Ben O'Connor
63%
10 Visma Lease a Bike 2925 Wout Van Aert
63%
9 Intermarché - Wanty 3352 Biniam Girmay
53%
6 UAE Team Emirates 3568 Marc Hirschi
22%
3 Alpecin-Deceuninck 4790 Jaspet Philipsen
18%
Aucun quiz correspondant
Distribution des résultats
% des personnes avec chaque résultat
Percentile par nombre de réponses
Votre historique - résultats
Vous n’avez pas pris ce quiz